| 000 | 02597cam a22004454i 4500 | ||
|---|---|---|---|
| 003 | PE-LiUPU | ||
| 005 | 20250731165414.0 | ||
| 008 | 151124s2012 pe a grm 000 0 spa d | ||
| 035 | _a(Sirsi) a155224 | ||
| 040 |
_aPE-LiUPU _bspa _cPE-LiUPU _erda |
||
| 099 |
_aTEF 3 _bA76 2012 |
||
| 100 | 1 |
_aArpasi Quispe, Orfelina _eautor |
|
| 245 | 1 |
_aEfectividad del programa educativo "Cuidando con amor" en los conocimientos actitudes y prácticas sobre prevención de úlceras por presión de los cuidadores de pacientes mayores del Hospital San Isidro Labrador - EsSALUD / _cOrfelinda Arpasi Quispe. |
|
| 264 | 0 | _c2012. | |
| 300 |
_a161 hojas : _bilustraciones; _c30 cm |
||
| 336 |
_atext _2rdacontent |
||
| 337 |
_aunmediated _2rdamedia |
||
| 338 |
_avolume _2rdacarrier |
||
| 502 |
_aTesis _b(Mg.) -- _cUniversidad Peruana Unión, _d2012. |
||
| 504 | _aIncluye referencias | ||
| 520 | 3 | _aEl diseño del estudio fue pre experimental con un solo grupo a quien se aplicó pre prueba y post prueba a fin de determinar la efectividad del programa. Se utilizó el muestreo no probabilístico, a conveniencia del investigador, basado en criterios de inclusión y exclusión previamente establecidos, la muestra estuvo conformada por 30 cuidadores. El programa estuvo organizado en 15 sesiones educativas teórica prácticas con una frecuencia de 2 veces por semana durante 4 meses. Para medir conocimientos se aplicó un cuestionario de selección múltiple, para actitudes se utilizó la escala de Likert y para la práctica se aplicó guía de observación. El análisis de los datos fue procesado con un programa estadístico SPSS 20,2011. Los estadísticos que se utilizaron fueron: estadísticos descriptivos, tablas de frecuencias en particular la t-student para muestras relacionadas. - El programa "cuidando con amor" fue efectivo en incrementar el nivel de conocimientos, actitudes y practicas sobre prevención de úlceras por presión en los adultos mayores del Hospital II Clínica Geriátrica San Isidro Labrador. | |
| 526 | _aSEG44 | ||
| 526 | _aSEG26 | ||
| 526 | _aP151 | ||
| 526 | _aP150 | ||
| 526 | _aP149 | ||
| 526 | _aP146 | ||
| 526 | _aP145 | ||
| 526 | _aP126 | ||
| 526 | _aP125 | ||
| 526 | _aP92 | ||
| 526 | _aP75 | ||
| 526 | _aP74 | ||
| 526 | _aP27 | ||
| 526 | _aP15 | ||
| 650 | 0 | 4 |
_aEnfermeros _xÚlceras por presión _xPrevención _vProgramas. |
| 596 | _a1 | ||
| 942 |
_2ddc _cTESIS |
||
| 999 |
_aTEF 3 A76 2012 _wALPHANUM _c7906 _iT01321 _lCCODEBUL3 _mBUL _r1 _sY _tTESIS _u2015-11-24 _xPOSGRADO _PP69 _o.STAFF. Tesis _d7906 |
||
| 980 |
_81 _gALBERTO SANCHEZ Responsable de Automatización |
||